All Governors of New York - Statistics

General Stats
  • This quiz has been taken 28 times
  • The average score is 24 of 61
Answer Stats
Years Served Party Governor % Correct
2011 - 2021 Democrat Andrew Cuomo
96%
1929 - 1932 Democrat Franklin D. Roosevelt
91%
1983 - 1994 Democrat Mario Cuomo
91%
1899 - 1901 Republican Theodore Roosevelt
91%
2021 - Present Democrat Kathy Hochul
87%
1959 - 1973 Republican Nelson Rockefeller
87%
1919 - 1920 Democrat Al Smith
83%
1923 - 1928 Democrat Al Smith
83%
1817 - 1823 Democratic Republican DeWitt Clinton
83%
1825 - 1828 Democratic Republican DeWitt Clinton
83%
1777 - 1795 No parties ('77-'89), Anti Federalist ('92-'95) George Clinton
83%
1801-1804 Democratic Republican George Clinton
83%
2007 - 2008 Democrat Eliot Spitzer
74%
1995 - 2006 Republican George Pataki
74%
1829 Democratic Republican Martin Van Buren
74%
2008 - 2010 Democrat David Paterson
65%
1883 - 1885 Democrat Grover Cleveland
65%
1973 - 1974 Republican Malcolm Wilson
65%
1943 - 1954 Republican Thomas E. Dewey
61%
1975 -1982 Democrat Hugh Carey
57%
1795-1801 Federalist John Jay
48%
1839 -1843 Whig William H. Seward
48%
1875 - 1877 Democrat Samuel J. Tilden
39%
1907 - 1910 Republican Charles Evans Hughes
35%
1897 - 1898 Republican Frank S. Black
35%
1849 - 1851 Whig Hamilton Fish
35%
1804 - 1807 Democratic Republican Morgan Lewis
35%
1807 - 1817 Democratic Republican Daniel D. Tompkins
30%
1853 - 1855 Democrat Horatio Seymour
30%
1863 - 1865 Democrat Horatio Seymour
30%
1817 Democratic Republican John Taylor
30%
1910 Republican Horace White
26%
1857 - 1859 Democrat John A. King
26%
1933 -1942 Democrat Herbert H. Lehman
22%
1921 - 1922 Republican Nathan L. Miller
22%
1885 - 1892 Democrat David B. Hill
17%
1859 -1863 Republican Edwin D. Morgan
17%
1823 - 1825 Democratic Republican Joseph C. Yates
17%
1855 - 1857 Whig/Free Soil Myron H. Clark
17%
1915 - 1919 Republican Charles Seymour Whitman
13%
1829 -1833 Democrat Enos T. Throop
13%
1873 -1875 Republican John Adams Dix
13%
1911 - 1913 Democrat John Alden Dix
13%
1869 - 1873 Democrat John T. Hoffman
13%
1847 - 1849 Whig John Young
13%
1895 - 1897 Republican Levi P. Morton
13%
1977 - 1880 Democrat Lucius Robinson
13%
1913 - 1914 Democrat Martin H. Glynn
13%
1865 -1869 Republican Reuben Fenton
13%
1892 - 1895 Democrat Roswell P. Flower
13%
1845 -1846 Democrat Silas Wright
13%
1851 - 1853 Whig Washington Hunt
13%
1955 - 1958 Democrat W. Averell Harriman1
13%
1843 - 1845 Democrat William C. Bouck
13%
1833 -1839 Democrat William L. Marcy
13%
1880 - 1883 Republican Alonzo B. Cornell
9%
1901 - 1904 Republican Benjamin Odell
9%
1942 Democrat Charles Poletti
9%
1905 - 1907 Republican Frank W. Higgins
9%
1828 - 1829 Democratic Republican Nathaniel Pitcher
9%
1913 Democrat William Sulzer
9%
No matching quizzes found
Score Distribution
Percent of People with Each Score
Percentile by Number Answered
Your Score History
You have not taken this quiz